• 首页
  • 本馆介绍
  • 公告通知
  • 最新文献
  • 馆藏检索
  • 电子资源
  • 读者导购
  • 参考咨询
  • 我的图书馆
  • 登录
  • 详细信息显示
  • 放入我的书架
  • 预约/预借图书
  • 作者相关作品
  • 分类相关作品
  • 丛书相关作品
  • 出版社相关作品

书目信息

  • 表格格式
  • 工作单格式
  • 卡片格式
题名:
外国高等教育史
    
 
作者: 黄福涛 主编
分册:  
出版信息: 上海   上海教育出版社  2003
页数: 491页
开本: 21cm
丛书名: 新世纪高等教育研究丛书
单 册:
中图分类: G649.1 , G519
科图分类:
主题词: 高等教育--教育史--国外 , 教育事业--世界
电子资源:
ISBN: 7-5320-9007-8
000 00860oam2 2200265 450
001 1540177634
005 20150126110953.87
010    @a7-5320-9007-8@dCNY30.00
100    @a20050204d2003 em y0chiy50 ea
101 0  @achi
102    @aCN@b310000
105    @ay z 000yy
200 1  @a外国高等教育史@9wai guo gao deng jiao yu shi@f黄福涛主编
210    @a上海@c上海教育出版社@d2003
215    @a491页@d21cm
225 2  @a新世纪高等教育研究丛书
330    @a本书描述了外国高等教育的产生的历史背景、基本类型、发展等历史真相;并就近代六个高等教育发达国家高等教育的形成、发展、改革等进行了阐述。
461  0 @12001 @a新世纪高等教育研究丛书
606 0  @a高等教育@x教育史@x国外
606 0  @a教育事业@x世界
690    @aG649.1@v5
690    @aG519@v4
701  0 @a黄福涛@9huang fu tao@4主编
801  0 @aCN@bTSSF@c20150126
905    @aZUCC@dG519@eJY60
    
    外国高等教育史/黄福涛主编.-上海:上海教育出版社,2003
    491页;21cm.-(新世纪高等教育研究丛书)
    
    
    ISBN 7-5320-9007-8:CNY30.00
    本书描述了外国高等教育的产生的历史背景、基本类型、发展等历史真相;并就近代六个高等教育发达国家高等教育的形成、发展、改革等进行了阐述。
●
相关链接 在E读中查询图书 在五车中查询图书 在当当中查询图书 在豆瓣中查询图书


正题名:外国高等教育史     索取号:G519/JY60         预约/预借

序号 登录号 条形码 馆藏地/架位号 状态 备注
1 7860578   278605788   学院路分馆/ [索取号:G519/JY60] 在馆    
唐山师范学院图书馆 欢迎您!
大连网信软件有限公司© 版权所有